00971cam a22002534a 45000010009000000050017000090080041000260100017000670200028000840200035001120400018001470420008001650500025001730820018001981000020002162450116002362500012003522600042003643000057004065000128004635040051005916500024006427000051006661333895620160709125106.0030910s2005 maua b 001 0 eng  a 2003065107 a007289024X (alk. paper) a0071112154 (International ed.) aDLCcDLCdDLC apcc00aHD30.28b.P3395 200500a658.4/0122221 aPearce, John A.10aStrategic management :bformulation, implementation, and control /cJohn A. Pearce II, Richard B. Robinson, Jr. a9th ed. aBoston, Mass. :bMcGraw-Hill,cc2005. a1 v. (various paging) :bill. (some col.) ;c26 cm. aIncludes access to a website; various other multi-media instructional reference tools are available to supplement the text. aIncludes bibliographical references and index. 0aStrategic planning.1 aRobinson, Richard B.q(Richard Braden),d1947-